01503nam a22002057a 4500003000400000005001700004008004100021020001800062041000800080082001700088100001800105111003000123245007000153260005700223300001100280500094500291610003001236942001201266999001901278OSt20260127114837.0260127b |||||||| |||| 00| 0 eng d a9789366164373 aEng 21sta610/SHR a SREEVANI R  aNursing Education9216492 aEssentials of Educational Technology/Nursing Education Semester-V aNew DelhibJaypee Brothers Medical Publishers c2025 a502 P. aA comprehensive textbook compiled to meet the requirements as per the revised INC syllabus for BSc nursing students. Written in easy-to-understand language following a lucid style. Focuses on developing knowledge, attitude, and competencies in teaching and learning. Covers all major topics on the latest approaches to education and learning, teaching and learning styles, basics in curriculum planning and teaching methods, educational media, assessment and evaluation, guidance and counseling, and evidence-based teaching practice in nursing. Question bank and multiple-choice questions (MCQs) provided at the end of each chapter to improve self-evaluation and robustness in term end and competitive examinations. Appendices include course outline, lesson plan, master rotation plan, evaluation formats, and item writing template on multiple choice questions. Serves as a lifelong companion for basic nursing students and professionals.  aNursing Education9216416 2ddccDB c370155d370155